Komentár k zmenám zákona o daniach z príjmov s účinnosťou od 1. januára 2001

Pokračovanie príspevku o zmenách v zákone o daniach z príjmov. Komentár k jednotlivým paragrafom.

Gespeichert in:
Bibliographische Detailangaben
1. Verfasser: Borodovčák, Michal
Format: Buchkapitel
Sprache:Slowakisch
Schlagworte:
Tags: Tag hinzufügen
Keine Tags, Fügen Sie das erste Tag hinzu!

MARC

LEADER 00000naa a2200000 4500
001 r042016
005 20231002122806.1
041 0 |a slo 
044 |a SK 
245 1 0 |a Komentár k zmenám zákona o daniach z príjmov s účinnosťou od 1. januára 2001  |c Michal Borodovčák 
520 |a Pokračovanie príspevku o zmenách v zákone o daniach z príjmov. Komentár k jednotlivým paragrafom. 
610 2 0 |a dane z príjmov 
610 2 0 |a zákony 
610 2 0 |a komentáre 
610 2 0 |a Slovensko 
610 2 0 |a oslobodenie od daní 
610 2 0 |a základ dane 
610 2 0 |a sadzby daňové 
610 2 0 |a osoby fyzické 
100 1 |a Borodovčák, Michal